书目信息 |
| 题名: |
建筑设计流程的转变
|
|
| 作者: | 胡越 著 | |
| 分册: | ||
| 出版信息: | 北京 中国建筑工业出版社 2012 |
|
| 页数: | 287页 | |
| 开本: | 27cm | |
| 丛书名: | 北京市建筑设计研究院胡越工作室系列 | |
| 单 册: | ||
| 中图分类: | TU2 | |
| 科图分类: | ||
| 主题词: | 建筑设计--jian zhu she ji--流程--研究 | |
| 电子资源: | ||
| ISBN: | 978-7-112-14118-0 | |
| 000 | 01331nam 2200277 450 | |
| 001 | 0100004516 | |
| 005 | 20191028103745.65 | |
| 010 | @a978-7-112-14118-0@dCNY88.00 | |
| 100 | @a20120727d2012 em y0chiy50 ea | |
| 101 | 0 | @achi |
| 102 | @aCN@b110000 | |
| 105 | @aa a 001yy | |
| 200 | 1 | @a建筑设计流程的转变@Ajian zhu she ji liu cheng de zhuan bian@e建筑方案设计方法变革的研究@d= Changing in architectural design processes@estudy of the reform in architectural schematic design methods@f胡越著@zeng |
| 210 | @a北京@c中国建筑工业出版社@d2012 | |
| 215 | @a287页@c图@d27cm | |
| 225 | 2 | @a北京市建筑设计研究院胡越工作室系列@Abei jing shi jian zhu she ji yan jiu yuan hu yue gong zuo shi xi lie |
| 320 | @a有书目 (第276-278页) 和索引 | |
| 330 | @a本书共分为五章, 主要内容包括: 设计流程研究、建筑设计流程结构的建立、建筑设计流程的转变、重新设计建筑设计流程结构的实践和反思。 | |
| 410 | 0 | @12001 @a北京市建筑设计研究院胡越工作室系列 |
| 510 | 1 | @aChanging in architectural design processes@estudy of the reform in architectural schematic design methods@zeng |
| 517 | 1 | @a建筑方案设计方法变革的研究@Ajian zhu fang an she ji fang fa bian ge de yan jiu |
| 606 | 0 | @a建筑设计@Ajian zhu she ji@x流程@x研究 |
| 690 | @aTU2@v5 | |
| 701 | 0 | @a胡越@Ahu yue@4著 |
| 801 | 0 | @aCN@c20150827 |
| 905 | @a河南城建学院图书馆@dTU2@eH521 | |
| 建筑设计流程的转变:建筑方案设计方法变革的研究= Changing in architectural design processes:study of the reform in architectural schematic design methods/胡越著.-北京:中国建筑工业出版社,2012 |
| 287页:图;27cm.-(北京市建筑设计研究院胡越工作室系列) |
| ISBN 978-7-112-14118-0:CNY88.00 |
| 本书共分为五章, 主要内容包括: 设计流程研究、建筑设计流程结构的建立、建筑设计流程的转变、重新设计建筑设计流程结构的实践和反思。 |
| ● |
| 相关链接 |
|
|
|
正题名:建筑设计流程的转变
索取号:TU2/H521
 
预约/预借
| 序号 | 登录号 | 条形码 | 馆藏地/架位号 | 状态 | 备注 |
| 1 | 1178481 | 211784817 | 建筑库101/101建筑库 30排1列4层/ [索取号:TU2/H521] | 在馆 | |
| 2 | 1178482 | 211784826 | 建筑库101/101建筑库 30排1列4层/ [索取号:TU2/H521] | 在馆 | |
| 3 | 1178483 | 211784835 | 建筑库101/101建筑库 30排1列4层/ [索取号:TU2/H521] | 在馆 | |
| 4 | 1454343 | 214543430 | 建筑库101/101建筑库 30排1列4层/ [索取号:TU2/H521] | 在馆 | |
| 5 | 1454344 | 214543449 | 建筑库101/101建筑库 30排1列4层/ [索取号:TU2/H521] | 在馆 | |
| 6 | 1454345 | 214543458 | 建筑库101/101建筑库 30排1列4层/ [索取号:TU2/H521] | 在馆 | |
| 7 | 1454346 | 214543467 | 建筑库101/101建筑库 30排1列4层/ [索取号:TU2/H521] | 在馆 | |
| 8 | 1454347 | 214543476 | 建筑库101/101建筑库 30排1列4层/ [索取号:TU2/H521] | 在馆 | |
| 9 | 1454348 | 214543485 | 建筑库101/101建筑库 30排1列4层/ [索取号:TU2/H521] | 在馆 |